| 000 | 00858pam a2200217 a 4500 | ||
|---|---|---|---|
| 001 | 1107866 | ||
| 005 | 20250213162003.0 | ||
| 008 | 931014s1994 miu b 001 0 eng | ||
| 020 | _a0310530903 (alk. paper) | ||
| 050 | 0 | 0 |
_aBS476 _b.K33 1994 |
| 082 | 0 | 0 |
_a220.6/01 _220 |
| 100 | 1 |
_aKaiser, Walter C., _cJr. _q(Walter Christian), _d1933- |
|
| 245 | 1 | 3 |
_aAn introduction to biblical hermeneutics : _bthe search for meaning / _cWalter C. Kaiser, Jr., and Moisés Silva. |
| 260 |
_aGrand Rapids, Mich. : _bZondervan, _cc1994. |
||
| 300 |
_a298 p. ; _c25 cm. |
||
| 650 | 0 |
_aHermeneutics _xReligious aspects _xChristianity. |
|
| 700 | 1 | _aSilva, Moisés. | |
| 856 | 4 | 2 |
_3Publisher description _uhttp://www.loc.gov/catdir/enhancements/fy0633/93033915-d.html |
| 856 | 4 | 1 |
_3Sample text _uhttp://www.loc.gov/catdir/enhancements/fy0642/93033915-s.html |
| 942 |
_2lcc _cBK _n0 |
||
| 999 |
_c3836 _d3836 |
||